|
|
|
|
| LEADER |
01165nam a2200301 i 4500 |
| 001 |
38697 |
| 003 |
BD-DhAAL |
| 005 |
20220526163430.0 |
| 008 |
220526t2009 nyua bf 001 0 eng d |
| 999 |
|
|
|c 44221
|d 44221
|
| 010 |
|
|
|a 2016033080
|
| 020 |
|
|
|a 9781841694337
|
| 040 |
|
|
|a DLC
|b eng
|c DLC
|e rda
|d DLC
|d BD-DhAAL
|
| 042 |
|
|
|a pcc
|
| 050 |
0 |
0 |
|a RJ496.L35
|b H334 2017
|
| 082 |
0 |
0 |
|a 618.92855
|2 23
|
| 245 |
0 |
0 |
|a Handbook of child language disorders /
|c edited by Richard G. Schwartz.
|
| 264 |
|
1 |
|a New York :
|b Psychology press,
|c 2009.
|
| 300 |
|
|
|a xviii, 590 pages :
|b illustrations ;
|c 26 cm
|
| 504 |
|
|
|a Includes bibliographical references and index.
|
| 526 |
|
|
|a ENH
|
| 541 |
|
|
|a Development Book Agency
|e 38697
|
| 650 |
|
0 |
|a Language disorders in children
|v Handbooks, manuals, etc.
|9 48801
|
| 650 |
|
0 |
|a English language.
|9 48802
|
| 700 |
1 |
|
|a Schwartz, Richard G.,
|e editor.
|9 48803
|
| 852 |
|
|
|a Ayesha Abed Library
|c General Stacks
|
| 942 |
|
|
|2 ddc
|c BK
|
| 952 |
|
|
|0 0
|1 0
|2 ddc
|4 0
|6 618_928550000000000_HAN
|7 0
|9 70677
|a BRACUL
|b BRACUL
|c GEN
|d 2022-05-22
|e Development Book Agency
|g 4730.00
|l 1
|o 618.92855 HAN
|p 3010038697
|r 2023-09-27
|s 2023-09-11
|t 1
|v 4730.00
|w 2022-05-22
|y BK
|